Nazwij znane obrazy - Statystyki

Ogólne statystyki
  • Ten quiz został rozwiązany 63 razy
  • Średni wynik to 9 z 40
Statystyki odpowiedzi
Obrazkowy Odpowiedź % Poprawnych
Szkoła Ateńska
57%
Guernica
55%
Śniadanie na trawie
49%
Straż nocna
49%
Wolność wiodąca lud na barykady
47%
Tratwa Meduzy
45%
Panny z Awinionu
36%
Taniec
36%
Dziewczynka z chryzantemami
34%
Płonąca żyrafa
34%
Trwałość pamięci
34%
Przysięga Horacjuszy
28%
Koronacja Napoleona
26%
Maja naga i Maja ubrana
26%
Panorama Racławicka
26%
Śniadanie wioślarzy
26%
Olimpia
23%
American Gothic
21%
Ogród rozkoszy ziemskich
21%
Dziwny ogród
19%
Hamlet polski. Portret Aleksandra Wielopolskiego
19%
3 maja 1808
17%
Portret małżonków Arnolfinich
17%
Żółty Chrystus
17%
Katedra w Rouen
15%
Autoportret w zielonym bugatti
13%
Syn Człowieczy
11%
Dziewczyna w czerwonym kapeluszu
9%
Lekcja tańca
9%
Niedzielne popołudnie na wyspie Grande Jatte
9%
Śpiąca Cyganka
9%
Wielkie kąpiące się
9%
Bal w Moulin de la Galette
6%
Ja i wieś
6%
Pojmanie Chrystusa
6%
Sąd Parysa
6%
Burza na Jeziorze Galilejskim
4%
Plaża w Pourville
4%
Czerwona pracownia
2%
Urodziny
2%
Nie znaleziono quizów pasujących do podanych kryteriów
Rozkład punktacji
Procent ludzi z każdym wynikiem
Percentyl według liczby udzielonych odpowiedzi
Twoja historia wyników
Nie rozwiązałeś tego quizu